Estadísticas para Países del Mundo - 1 Minuto de Sprint

Haz click aquí para tomar la prueba!

Estadísticas generales

  • Esta prueba ha sido tomada 8.698 veces
    (8.615 desde el último reinicio)
  • La puntuación promedio es 29 de 196

Respuestas en el mapa

Las respuestas están codificadas por una escala verde-roja en el mapa de la prueba según el % correcto abajo.
Cargando...
 

Estadísticas de respuestas

País% Correcto
Canadá
82%
México
75%
Brasil
74%
Estados Unidos
73%
Rusia
72%
China
72%
España
70%
Chile
65%
Argentina
62%
Francia
62%
Perú
60%
India
49%
Australia
47%
Colombia
47%
Italia
46%
Portugal
45%
Japón
45%
Alemania
42%
Bolivia
40%
Ecuador
39%
Uruguay
36%
Venezuela
36%
Cuba
35%
Suecia
35%
Paraguay
31%
Dinamarca
30%
Reino Unido
30%
Irlanda
29%
Noruega
29%
Islandia
28%
Panamá
27%
Suiza
26%
Chad
25%
Irán
24%
Mongolia
23%
República Democrática
del Congo
23%
Irak
23%
República del Congo
22%
Finlandia
22%
Haití
21%
Egipto
21%
Malí
21%
Argelia
21%
Níger
20%
Libia
19%
Omán
18%
Austria
18%
Surinam
18%
Guyana
18%
Guatemala
18%
Belice
18%
Honduras
17%
Sudáfrica
17%
Sudán
16%
Andorra
16%
Yemen
16%
Polonia
16%
Nigeria
16%
Marruecos
16%
Costa Rica
15%
Grecia
15%
Nicaragua
15%
Chipre
15%
Indonesia
15%
Togo
15%
Bélgica
14%
Estonia
14%
Jamaica
13%
Nepal
13%
Turquía
13%
Laos
13%
Letonia
12%
Túnez
12%
El Salvador
12%
Países Bajos
12%
Malta
12%
Lituania
12%
Corea del Sur
11%
Arabia Saudita
11%
Ucrania
11%
Fiyi
11%
Bahamas
11%
Tonga
10%
Madagascar
10%
Israel
10%
Angola
10%
Mónaco
10%
Bután
10%
Nauru
9%
Corea del Norte
9%
Nueva Zelanda
9%
Benín
9%
Catar
9%
Ghana
9%
Siria
9%
Emiratos Árabes
Unidos
8%
República Checa
8%
Dominica
8%
República Dominicana
8%
Somalia
8%
Serbia
8%
Kenia
8%
Kazajistán
8%
Etiopía
7%
Tailandia
7%
Samoa
7%
Guinea
7%
Rumania
7%
Vietnam
7%
Pakistán
7%
Brunéi
7%
Ciudad del Vaticano
7%
Namibia
7%
Hungría
7%
Lesoto
7%
Líbano
7%
Baréin
6%
Filipinas
6%
Palaos
6%
Tuvalu
6%
Malasia
6%
Albania
6%
Croacia
6%
Taiwán
6%
San Marino
6%
Ruanda
5%
Granada
5%
Liberia
5%
Antigua y Barbuda
5%
Gambia
5%
Zambia
5%
Malaui
5%
Gabón
5%
Bielorrusia
5%
Barbados
5%
Kosovo
5%
Sudán del Sur
5%
Camerún
5%
Kuwait
5%
Camboya
5%
Vanuatu
5%
Sri Lanka
5%
Mauritania
5%
Kiribati
5%
Bosnia y Herzegovina
5%
Uganda
4%
Trinidad y Tobago
4%
Eslovenia
4%
Eslovaquia
4%
Tanzania
4%
Singapur
4%
Afganistán
4%
Senegal
4%
Armenia
4%
Comoras
4%
Bulgaria
4%
Luxemburgo
4%
Moldavia
4%
Maldivas
3%
Yibuti
3%
Jordania
3%
Cabo Verde
3%
Macedonia del
Norte
3%
Burundi
3%
Mauricio
3%
Birmania
3%
Estados Federados
de Micronesia
3%
Mozambique
3%
Papua Nueva Guinea
3%
Santa Lucía
3%
San Vicente y las
Granadinas
3%
Eritrea
3%
Uzbekistán
2%
Botsuana
2%
República
Centroafricana
2%
Bangladés
2%
Zimbabue
2%
Georgia
2%
Liechtenstein
2%
San Cristóbal y Nieves
2%
Montenegro
2%
Suazilandia
2%
Seychelles
2%
Costa de Marfil
1%
Tayikistán
1%
Kirguistán
1%
Guinea Ecuatorial
1%
Islas Marshall
1%
Turkmenistán
1%
Burkina Faso
1%
Timor Oriental
1%
Islas Salomón
1%
Santo Tomé y Príncipe
1%
Azerbaiyán
1%
Sierra Leona
1%
Guinea-Bissau
1%

Distribución de puntuación

Porcentaje por número respondido

Porcentaje de gente con cada puntuación

Historial de tus puntuaciones

No has tomado esta prueba desde el último reinicio